000 00690nam a2200217 i 4500
001 13565
003 ES-MaACL
005 20230906150619.0
007 t|
008 980519s1997 sp ||||1| gao d
020 _a84-86046-86-6
080 _a821.134.4-14"19"
100 1 _aSánchez Iglesias, Cesáreo.
_9102705
245 1 2 _aA escrita do silencio
_b: (antoloxia persoal) /
_cCesáreo Sánchez Iglesias.
260 _aFerrol :
_bSociedad de Cultura Valle-Inclán,
_c1997.
300 _a185 p. ;
_c21 cm.
490 1 _aColección Esquío de poesía ;
_v68
830 0 _aColección Esquío de poesía ;
_v68
_9179209
852 _aES-MaACL
_jL-20925
_bR.126350
999 _c13565
_d13565